=LDR 00000nam 2200000 4500 =001 INLIS000000000045219 =005 20250603013426 =035 ##$$a 0010-011500000000045 =008 250603################b##########0#ind## =082 ##$$a 028.5 =090 ##$$a 028.5 $b yau k =100 ##$$a taufik remington =245 1#$$a kreativitasku saat keadaan memaksa /$c Taufik Remington =260 ##$$a Bandung :$b PT Puri Delco,$c 2012 =300 ##$$a 70 hlm : $b ilus ; $c 21 x 15 cm =850 ##$$a NBPMAT =020 ##$$a 976-602-8713-73-3 =084 ##$$a 028.5 TAU k =990 ##$$a 0001/BPAP-NTB/20142015 =990 ##$$a 21305320